Remedios contractuales: cláusulas, acciones y otros mecanismos de tutela del crédito
Shranjeno v:
| Main Authors: | , |
|---|---|
| Format: | Knjiga |
| Jezik: | španščina |
| Izdano: |
Santiago
Legal Publishing
2018
|
| Izdaja: | 1a. ed |
| Teme: | |
| Oznake: |
Označite
Brez oznak, prvi označite!
|
MARC
| LEADER | 00000cam a2200000 a 4500 | ||
|---|---|---|---|
| 001 | UCC4657 | ||
| 003 | CL-VaPUC | ||
| 008 | 180817e20180000cl |||||||||||||||||spa|d | ||
| 020 | |a 9789563469639 | ||
| 082 | 0 | 4 | |a 346.8302 |b CAR |2 21 |
| 100 | 0 | |a Cárdenas Villarreal, Hugo |e author |9 598873 | |
| 700 | 0 | |a Reveco Urzúa, Ricardo |e author |9 598874 | |
| 245 | 1 | 0 | |a Remedios contractuales: cláusulas, acciones y otros mecanismos de tutela del crédito |
| 250 | |a 1a. ed | ||
| 300 | |a 639 p | ||
| 942 | |c BK | ||
| 945 | |d 20180817 12:57:00 |a dcastane | ||
| 260 | |a Santiago |b Legal Publishing |c 2018 | ||
| 650 | 0 | |a Tutelas |9 384923 | |
| 650 | 0 | |a Responsabilidad contractual |9 256720 | |
| 650 | 0 | |a Contratos |9 255153 | |
| 583 | |a last modification |c 20180817 12:57:00 |k Rodrigo Vera | ||
| 999 | |c 372108 |d 372106 | ||
| 952 | |0 0 |1 0 |3 erb |4 0 |6 346_830200000000000_CAR_2018 |7 0 |8 A |9 489373 |a BIBDER |b BIBDER |i 5489059 |l 14 |m 4 |o 346.8302 CAR 2018 |p 5489059 |r 2024-11-15 |s 2024-11-15 |w 2019-11-24 |y BK |z Catalogado en:20180817 |k DER | ||